00487nam a2200181Ia 450000500170000000800410001702000130005804000190007104100120009008200160010210000170011824500710013526000320020630000160023865000140025465100260026885000110029420240427125544.0131103s9999 xx 000 0 und d cRs.84.00 aLoreto College aEnglish a371.3 bWAL aWalia, J. S. aFoundations of School Administration and OrganisationcJ. S. Walia aJalandharbPaul Pub.c[19?] aviii,480p.  aEducation aSchool administration aLCBED